Loading...
| History - Other History | 0 | 4 | 0 | 2 | 40 | 82 | 107.75 | 0 | 0 |
| Science - Other Science | 0 | 2 | 0 | 0 | 20 | 102 | 105.00 | 0 | 1 |
| Social Science | 0 | 2 | 0 | 0 | 20 | 86 | 114.00 | 0 | 0 |
| Geography/Current Events | 0 | 1 | 0 | 0 | 10 | 117 | 117.00 | 0 | 1 |
| History - American History | 0 | 1 | 0 | 0 | 10 | 104 | 104.00 | 0 | 0 |
| History - World History | 0 | 1 | 0 | 0 | 10 | 124 | 124.00 | 0 | 0 |
| Literature - British Literature | 0 | 1 | 0 | 0 | 10 | 141 | 141.00 | 0 | 0 |
| Other Academic | 0 | 1 | 0 | 0 | 10 | 144 | 144.00 | 0 | 0 |
| Fine Arts - Classical Music | 0 | 1 | 0 | 0 | 10 | 41 | 41.00 | 1 | 1 |
| Fine Arts - Other Fine Arts | 0 | 1 | 0 | 0 | 10 | 141 | 141.00 | 0 | 0 |
| Fine Arts - Visual Fine Arts | 0 | 1 | 0 | 0 | 10 | 117 | 117.00 | 0 | 0 |
| Science - Biology | 0 | 1 | 0 | 1 | 10 | 120 | 120.00 | 0 | 0 |
| Science - Chemistry | 0 | 1 | 0 | 0 | 10 | 137 | 137.00 | 0 | 0 |
| Science - Physics | 0 | 1 | 0 | 0 | 10 | 126 | 126.00 | 0 | 0 |
| Religion | 0 | 1 | 0 | 0 | 10 | 122 | 122.00 | 0 | 0 |
| History - European History | 0 | 1 | 1 | 0 | 5 | 126 | 126.00 | 0 | 0 |
| Philosophy | 0 | 0 | 0 | 0 | 0 | 0.00 | 0 | 0 | |
| Literature - European Literature | 0 | 0 | 1 | 0 | -5 | 0.00 | 0 | 0 |